000
00300nam a22001337a 4500
008
170703b xxu||||| |||| 00| 0 eng d
020
_a
0393017044
041
_a
eng
080
_a
82
100
_a
22
101
_a
GJL
245
_a
THE LAND AND LITERATURE OF ENGLAND
_c
ADAMS, R.M
942
_2
udc
_c
BK
999
_c
19873
_d
19873